000 01621 a2200337 4500
001 13759
005 20260407155444.0
008 260407a2003 arg spa d
003 AR-UNSa-BCEJYS
040 _aAR-UNSa-BCEJYS
_bspa
_cAR-UNSa-BCEJYS
080 _a342.9
_xDerecho Administrativo
245 1 0 _aElementos de derecho administrativo
020 _a950-527-835-7
264 1 _aBuenos Aires :
_bLa Ley
_c2003
300 _axx, 681 p.
_c24 cm.
505 _a1. Funciones del Estado: Función administrativa, legislativa y judicial - 2. Fuentes del derecho administrativo - 3. Organización administrativa - 4. Organismos de control de la administración pública: Sindicatura General de la Nación - 5. Servicios públicos - 6. Poder de policía - 7. Entes reguladores - 8. El silencio de la administración - 10. Procedimiento administrativo - 11. Recursos administrativos - 12. Agotamiento de la vía administrativa - 13. Proceso contenciosoadministrativo - 14. Responsabilidad del Estado
942 _cBK
590 _aniveau_biblio:m niveau_hierar:0
100 1 _aHutchinson, Tomás A.
700 1 _aAdriao, Alejandro
700 1 _aBalbín, Carlos Francisco
700 1 _aCataldo, Juan Vicente
700 1 _aEliaschev, Nicolás
700 1 _aFilograsso, Débora Alicia
700 1 _aGarcia Sanz, Agustín A.M.
700 1 _aLópez Vergara, Patricia
700 1 _aOtheguy, Osvaldo O.
700 1 _aUgarte, Juan Manuel
700 1 _aVincenti, Rogelio W.
856 4 1 _uhttps://biblioeco.unsa.edu.ar/pmb/images/libros/Elementos de Derecho Administrativo-l116126.jpg
_yImagen de portada
_qimage/jpeg
999 _c544
_d544